000 01404nam0a2200289 4500
001 RU\NLR\BIBL_A\012048105
005 20250626173950.0
035 _a(NLR Aleph) 012048105
090 _a13423041
_c13423041
100 _a20190627d1953 |||y0rusy50 ca
101 1 _akir
_crus
102 _aKG
105 _ay z 000yy
200 1 _aКичине кезинде балдардагы диспепсия жана дизентерия
_e6-нчы жана 7-нчы лекциялар
_fС. О. Дулицкий
205 _a6-бас.
205 _a3-бас.
210 _aФрунзе
_cКыргызмамбас
_d1953
215 _a29,[2] c.
_d20
423 0 _12001#$aБалдардагы глист оорулары$e8-нчи лекция$fН. Е. Семенова
_1210##$aФрунзе$d1953
_1215##$a23-29,[2] c.
_1700#1$aСеменова$bН. Е.$f1893-1970$gНина Евгеньевна
_1701#1
_tБалдардагы глист оорулары
_aСеменова, Нина Евгеньевна (1893-1970)
541 1 _aДиспесия и дизентерия у детей раннего возраста
_zrus
541 1 _aГлистные заболевания у детей
_zrus
686 1 _aР733.51
700 1 _aДулицкий
_bС. О.
_cпедиатр
_f1883-1956
_gСемен Осипович
_4070
852 _aNLR
_bОНЛ
_jКирг./2-1543
942 _cBOOK
980 _aNB